| 000 | 01502nam a22003857i 4500 | ||
|---|---|---|---|
| 003 | EG-GICUC | ||
| 005 | 20260121101519.0 | ||
| 008 | 251217s1883 us |||fr|||| 0|1 0 eng d | ||
| 040 |
_aEG-GiCUC _beng _cEG-GiCUC _dEG-GiCUC _eRda |
||
| 041 | _aeng | ||
| 082 | 0 | 4 |
_221 _a341.84 _bST . C |
| 092 | 0 | 4 | _221 |
| 099 | _aLaw1 12 341.84 ST . C 8 ed - 1983 | ||
| 100 | 1 |
_aStory, Joseph, _d1779-1845, _eAuthor. |
|
| 245 | 1 | 0 |
_aCommentaries on the Conflict of Laws, Foreign and Domestic In Regard to Contracts, Rights, and Remedies, and Especially in Regard to Marriages, Divorces, Wills, Successions, and Judgments / _cJoseph Story. |
| 246 | 1 | _aCommentaries on the Conflict Between Foreign and Domestic Laws | |
| 250 |
_aEighth edition / _bby Melville M. Bigelow. |
||
| 264 | 1 |
_aBoston : _bLittle, Brown, and Company, _c1883. |
|
| 300 |
_axxxix, 901 pages ; _c24 cm. |
||
| 336 |
_2rda contenu _a texte |
||
| 337 |
_2rda medias _aOrdinateur |
||
| 338 |
_2 transporteur rda _a Ressource en ligne |
||
| 500 | _aIndex to cases cited": pages xxi-xxxix. | ||
| 504 | _aIncludes bibliographical references and index. | ||
| 546 | _aText in English | ||
| 650 | 1 | 4 |
_2Conflict of laws _xPrivate international law |
| 650 | 1 | 4 | _2marriages |
| 650 | 1 | 4 | _2divorces |
| 650 | 1 | 4 | _2successions, and judgments |
| 651 | 1 | _2qrmak | |
| 700 | 1 |
_aBigelow, Melville Madison, _d1846-1921, _eeditor. |
|
| 856 | 4 | 0 | _uhttps://fll.law.cu.edu.eg/fulltext/bks/B10-07251.pdf |
| 905 |
_a75 _eHassnaa |
||
| 942 |
_2ddc _cBK _e21 _n0 |
||
| 999 |
_c51332 _d51332 |
||